| 000 | 00847nas a2200277 4500 | ||
|---|---|---|---|
| 001 | BR0808664 | ||
| 003 | BR-BrBNA | ||
| 005 | 20231205112905.0 | ||
| 007 | ta | ||
| 008 | 230509b bl.|||p| |||| 00| 00por d | ||
| 040 |
_aBR-BrBNA _bpor _cBiblioteca Nacional de Agricultura |
||
| 041 | _a(Pt) | ||
| 072 | _aP10 | ||
| 100 | 1 | _aInácio, S.H. | |
| 100 | 1 | _aGonçalves, O.L. | |
| 100 | 1 | _aFonseca, A.P. | |
| 245 | 1 | _aAvaliação das vazões alocáveis na bacia hidrográfica do Rio dos Bois e Rio do Peixe, Estado de Goiás | |
| 650 | _aÁGUA | ||
| 650 | _aVAZÃO | ||
| 650 | _aRIO DOS BOIS | ||
| 650 | _aRIO DO PEIXE | ||
| 650 | _aGOIÁS | ||
| 773 | 0 |
_tRevista Brasileira de Recursos Hídricos (Brazil) _xISSN 1414-381X _g(Apr-Jun 2006), v. 11(2) p. 47-58 _wBR0808664 |
|
| 909 |
_a202311 _bLúcia _c55 _dLúcia Elande |
||
| 942 |
_2AGRIS _n0 _cANA |
||
| 999 |
_c200616 _d200616 |
||